ARRUPE JESUIT UNIVERSITY

CORONAVIRUS -STOP THE SPREAD - CLEAN,DISINFECT,COVER

The invalidating effects of force, fear, and fraud upon the canonical novitiate; (Record no. 125094)

MARC details
000 -LEADER
fixed length control field 00984cam a22002771 4500
001 - CONTROL NUMBER
control field 275814
003 - CONTROL NUMBER IDENTIFIER
control field ARRUPE
005 - DATE AND TIME OF LATEST TRANSACTION
control field 20160823144353.0
008 - FIXED-LENGTH DATA ELEMENTS--GENERAL INFORMATION
fixed length control field 771018s1951 dcu b 000 0 eng c
010 ## - LIBRARY OF CONGRESS CONTROL NUMBER
LC control number a 51009068
040 ## - CATALOGING SOURCE
Original cataloging agency DCU
Transcribing agency MCW
Modifying agency DLC
050 00 - LIBRARY OF CONGRESS CALL NUMBER
Classification number BX1936.R4B878
300 ## - PHYSICAL DESCRIPTION
Dimensions 23 cm.
100 1# - MAIN ENTRY--PERSONAL NAME
Personal name Brown, James Victor,
Dates associated with a name 1921-
9 (RLIN) 25347
245 14 - TITLE STATEMENT
Title The invalidating effects of force, fear, and fraud upon the canonical novitiate;
Remainder of title a historical conspectus and a commentary.
260 ## - PUBLICATION, DISTRIBUTION, ETC. (IMPRINT)
Place of publication, distribution, etc Washington,
Name of publisher, distributor, etc Catholic University of America Press,
Date of publication, distribution, etc 1951.
300 ## - PHYSICAL DESCRIPTION
Extent xiii, 228 p.
410 20 - SERIES STATEMENT/ADDED ENTRY--CORPORATE NAME [OBSOLETE, CAN/MARC], [LOCAL, USA]
Corporate name or jurisdiction name as entry element Catholic University of America.
Title of a work Canon law studies,
Volume number/sequential designation v. 311
500 ## - GENERAL NOTE
General note Vita.
502 ## - DISSERTATION NOTE
Dissertation note Thesis--Catholic University of America.
504 ## - BIBLIOGRAPHY, ETC. NOTE
Bibliography, etc Bibliography: p. 215-222.
650 #0 - SUBJECT ADDED ENTRY--TOPICAL TERM
Topical term or geographic name as entry element Novitiate
Source of heading or term Canon law
9 (RLIN) 25348
650 #0 - SUBJECT ADDED ENTRY--TOPICAL TERM
Topical term or geographic name as entry element Religious life
Source of heading or term Canon law
9 (RLIN) 5701
906 ## - LOCAL DATA ELEMENT F, LDF (RLIN)
a 7
b cbc
c orignew
d u
e ncip
f 19
g y-gencatlg
942 ## - ADDED ENTRY ELEMENTS (KOHA)
Source of classification or shelving scheme Library of Congress Classification
Koha item type Monograph ( Printed materials)
Holdings
Withdrawn status Lost status Source of classification or shelving scheme Damaged status Not for loan Collection code Home library Current library Shelving location Date acquired Total Checkouts Full call number Barcode Date last seen Price effective from Koha item type
    Library of Congress Classification     Main Collection ARRUPE LIBRARY ARRUPE LIBRARY Main Collection 23/08/2016   BX1936.R4B878 46500008305 22/11/2017 23/08/2016 Monograph ( Printed materials)

 

Arrupe Library. PO Box MP320 Mt Pleasant, Harare, Zimbabwe
263 242 745411|librarian@aju.ac.zw